000 00475nam a2200193Ia 4500
005 20230623113353.0
008 131103s9999 xx 000 0 und d
020 _a006080691 5 (pbk)
040 _aLoreto College
041 _aEnglish
082 _aF
_bBAG
100 _aBagley,Desmond
245 4 _aThe snow tiger
_cDesmond Bagley
260 _aLondon
_bPerennial Library
_c1975
300 _a253 p.
650 _aFiction in English
850 _aLCLIB
942 _cBK
999 _c16212
_d66691